00545nam a22001937a 450000500170000001000130001702000230003003500130005303700160006604000120008208200130009410000250010724500590013226000530019127000380024430000200028265000150030265000340031720170124110001.0 aA-858728 c180.00a8186651144 aA-858728 bCen Lib/Ret aDPLbEN a301bBHA aBhatnagar, Vimal Rai aSociology :cby Vimal Rai Bhatnagar bquestions bank / aNew Delhi bDhillon Group Of Publications c1997 bNew Delhi aE-84, kalkajie110019 a472p.c23cm(Hb) aSociology  aExercise, question paper etc